| 000 | 00709nam a2200217 a 4500 | ||
|---|---|---|---|
| 001 | 933 | ||
| 003 | CDMR | ||
| 005 | 20131204181104.0 | ||
| 008 | 130130s1987||||||||||||||||||||||||spa|d | ||
| 020 | _a8486094305 | ||
| 040 |
_aCDMR _bcat _cCPC GIRONA |
||
| 100 | 1 |
_9379 _aMattelart, Armand |
|
| 245 |
_aPensar sobre los medios _b: comunicación y crítica social _cArmand y Michèle Mattelart ; presentación de Enrique Bustamante |
||
| 260 |
_aMadrid _bFundesco _c1987 |
||
| 300 | _a226 p. | ||
| 490 | 0 |
_aLos Libros de Fundesco. _aImpactos |
|
| 650 | 0 | 4 |
_94406 _aMitjans de comunicació de massa _zFrança |
| 650 | 0 | 4 |
_94289 _aComunicació _xAspectes socials |
| 700 | 1 |
_93403 _aMattelart, Michèle |
|
| 942 |
_cMON _2udc |
||
| 999 |
_c933 _d933 |
||